000 00329nab a22001097u 4500
008 130520b2003 xxu||||| |||| 00| 0 spa d
041 _aspa
100 1 _aValadier, Paul
_d(1933-....)
_910909
245 0 0 _aLa persona en su dignidad
_cPaul Valadier
773 0 _tConcilium
_gnº300,2003,págs. 55-64
_x0210-1041
_wRev134
942 _cAR
999 _c363798
_d363798